Wash your hands! / (Record no. 2971)

MARC details
000 -LEADER
fixed length control field 01055cam a2200301 a 4500
005 - DATE AND TIME OF LATEST TRANSACTION
control field 20250710105357.0
020 ## - INTERNATIONAL STANDARD BOOK NUMBER
International Standard Book Number 9781416991724
040 ## - CATALOGING SOURCE
Original cataloging agency DLC
Transcribing agency DLC
Modifying agency DLC
Language of cataloging eng
050 00 - LIBRARY OF CONGRESS CALL NUMBER
Classification number PZ7.M47879343
Item number 2010
082 00 - DEWEY DECIMAL CLASSIFICATION NUMBER
Classification number 476
100 1# - MAIN ENTRY--PERSONAL NAME
Personal name McNamara, Margaret
245 10 - TITLE STATEMENT
Title Wash your hands! /
Statement of responsibility, etc. written by Margaret McNamara ; illustrated by Mike Gordon.
250 ## - EDITION STATEMENT
Edition statement First published in 2010
260 ## - PUBLICATION, DISTRIBUTION, ETC.
Place of publication, distribution, etc. New York :
Name of publisher, distributor, etc. Simon Spotlight,
Date of publication, distribution, etc. 2010
300 ## - PHYSICAL DESCRIPTION
Extent 30 unnumbered pages :
Other physical details color illustrations ;
Dimensions 24 cm .
490 0# - SERIES STATEMENT
Series statement Robin Hill School
490 0# - SERIES STATEMENT
Series statement Ready-to-read. Level 1, starting to read
505 ## - FORMATTED CONTENTS NOTE
Formatted contents note J <br/>
520 ## - SUMMARY, ETC.
Summary, etc. When everyone in Ms. Connor's first grade class has a cold, she shows her students how to wash their hands to get rid of germs.
521 1# - TARGET AUDIENCE NOTE
Target audience note 500 <br/>
Source Lexile <br/>
521 1# - TARGET AUDIENCE NOTE
Target audience note J <br/>
Source Raz-Plus <br/>
650 #1 - SUBJECT ADDED ENTRY--TOPICAL TERM
Topical term or geographic name entry element Hand washing
Form subdivision Fiction.
650 #1 - SUBJECT ADDED ENTRY--TOPICAL TERM
Topical term or geographic name entry element Schools
Form subdivision Fiction.
700 1# - ADDED ENTRY--PERSONAL NAME
Personal name Gordon, Mike
Dates associated with a name 1948 March 16-
Relator term illustrator
906 ## - LOCAL DATA ELEMENT F, LDF (RLIN)
a 7
b cbc
c orignew
d 1
e ecip
f 20
g y-gencatlg
942 ## - ADDED ENTRY ELEMENTS (KOHA)
Source of classification or shelving scheme Dewey Decimal Classification
Koha item type Books
Suppress in OPAC No
999 ## -
-- 2971
-- 2971
Holdings
Withdrawn status Lost status Source of classification or shelving scheme Damaged status Not for loan Collection Home library Current library Shelving location Date acquired Total Checkouts Full call number Barcode Date last seen Date last checked out Copy number Price effective from Koha item type
    Dewey Decimal Classification     Juvenile Fiction Footprints International School Library Network Toul Kork Campus Footprints International School Library Network Toul Kork Campus TK Primary Library Room(4th Floor), Bookcase 1&2, Shelves 1-16, Dark Blue Books 07/10/2025   MCN 476 PZ7.M47879343 FISTK02756 07/10/2025   2 07/10/2025 Books
    Dewey Decimal Classification     Juvenile Fiction Footprints International School Library Network Toul Tom Poung Campus Footprints International School Library Network Toul Tom Poung Campus TTP Primary Dark Blue Bookshelves 01/26/2024 1 MCN 476 PZ7.M47879343 FISTK01090 03/04/2024 02/26/2024 1 01/26/2024 Books